Invincible Characters by Picture - Statistics

General Stats
  • This quiz has been taken 2,572 times
    1,047 since last reset
  • The average score is 21 of 24
Answer Stats
Picture Answer % Correct
Invincible
100%
Atom Eve
99%
Omni-Man
99%
Cecil Stedman
97%
Allen the Alien
96%
Debbie Grayson
95%
Dupli-Kate
95%
Oliver Grayson
95%
Rex Splode
95%
The Immortal
95%
Robot
94%
Monster Girl
92%
Conquest
91%
Anissa
88%
Battle Beast
88%
Thragg
87%
Amber Bennett
84%
Angstrom Levy
83%
William Clockwell
83%
Tech Jacket
77%
Shrinking Rae
76%
Thaedus
75%
Doc Seismic
71%
Telia
47%
No matching quizzes found
Score Distribution
Percent of People with Each Score
Percentile by Number Answered
Your Score History
You have not taken this quiz since the last reset